000 00421nam a22001697a 4500
005 20180223151254.0
008 160614b xxu||||| |||| 00| 0 eng d
020 _a0-7069-9904-5
041 _aeng
082 _b7544
_a327
100 _aChandra, Prakash
_91917
245 _aInternational Reletions
260 _aNew Delhi
_bVikas Publishing House (P) Ltd.
300 _a369
650 _aManagement
_9241
942 _cBK
999 _c2696
_d2695